<?xml version="1.0" encoding="UTF-8"?><?xml-stylesheet type="text/xsl" href="static/style.xsl"?><OAI-PMH xmlns="http://www.openarchives.org/OAI/2.0/" xmlns:xsi="http://www.w3.org/2001/XMLSchema-instance" xsi:schemaLocation="http://www.openarchives.org/OAI/2.0/ http://www.openarchives.org/OAI/2.0/OAI-PMH.xsd"><responseDate>2026-06-02T02:03:49Z</responseDate><request verb="GetRecord" identifier="oai:riuma.uma.es:10630/4189" metadataPrefix="marc">https://riuma.uma.es/rest/oai/request</request><GetRecord><record><header><identifier>oai:riuma.uma.es:10630/4189</identifier><datestamp>2026-02-03T12:48:26Z</datestamp><setSpec>com_10630_4046</setSpec><setSpec>com_10630_10</setSpec><setSpec>col_10630_4099</setSpec></header><metadata><record xmlns="http://www.loc.gov/MARC21/slim" xmlns:dcterms="http://purl.org/dc/terms/" xmlns:doc="http://www.lyncode.com/xoai" xmlns:xsi="http://www.w3.org/2001/XMLSchema-instance" xsi:schemaLocation="http://www.loc.gov/MARC21/slim http://www.loc.gov/standards/marcxml/schema/MARC21slim.xsd">
   <leader>00925njm 22002777a 4500</leader>
   <datafield ind2=" " ind1=" " tag="042">
      <subfield code="a">dc</subfield>
   </datafield>
   <datafield ind2=" " ind1=" " tag="720">
      <subfield code="a">Martínez Olea, Antonio</subfield>
      <subfield code="e">author</subfield>
   </datafield>
   <datafield ind2=" " ind1=" " tag="260">
      <subfield code="c">2010</subfield>
   </datafield>
   <datafield ind2=" " ind1=" " tag="520">
      <subfield code="a">El autor aborda en primer lugar el concepto de Benchmarking como medio para alcanzar la excelencia y la conveniencia de integrarlo en el marco global que proporciona el Modelo EFQM. Se centra a continuación en un aspecto concreto del benchmarking, la evaluación comparativa de los criterios de resultados de clientes y personas a través de las encuestas de satisfacción y clima laboral. Para ello plantea la realización de una encuesta específica de clientes para las bibliotecas a efectos de la comparación con las que se realizan en cada Universidad, insistiendo en la necesidad de contextualizarlas dentro del esquema REDER.</subfield>
   </datafield>
   <datafield ind1="8" ind2=" " tag="024">
      <subfield code="a">http://hdl.handle.net/10630/4189</subfield>
   </datafield>
   <datafield tag="653" ind2=" " ind1=" ">
      <subfield code="a">Benchmarking</subfield>
   </datafield>
   <datafield tag="653" ind2=" " ind1=" ">
      <subfield code="a">Encuestas</subfield>
   </datafield>
   <datafield ind2="0" ind1="0" tag="245">
      <subfield code="a">El benchmarking, un paso más hacia la excelencia: la comparación de resultados de encuestas de satisfacción de usuarios y clima laboral.</subfield>
   </datafield>
</record>
</metadata></record></GetRecord></OAI-PMH>